00297nam a2200133Ia 45000030006000000080041000060400015000471000014000622450016000762500010000922600032001025460012001340050017001460STCL150530s9999 xx 000 0 und d aSTCLcSTCL aIbsen, H. aDolls House aFirst bUniveristy of Calicutc2005 aEnglish20220125171001.0